"Карпаторусинство", його джерела й еволюція у ХХ ст. (Запис № 405203)

МАРК-запис
000 -LEADER
fixed length control field 00771nam a22002417a 4500
001 - CONTROL NUMBER
control field 118996
003 - CONTROL NUMBER IDENTIFIER
control field UA-OsUOA
005 - DATE AND TIME OF LATEST TRANSACTION
control field 20191004145834.0
007 - PHYSICAL DESCRIPTION FIXED FIELD--GENERAL INFORMATION
fixed length control field ta
008 - FIXED-LENGTH DATA ELEMENTS--GENERAL INFORMATION
fixed length control field 20160928b un ||||| |||| 00| 0 ukr d
040 ## - CATALOGING SOURCE
Original cataloging agency UA-OsUOA
Language of cataloging ukr
Transcribing agency UA-OsUOA
Modifying agency UA-OsUOA
041 ## - LANGUAGE CODE
Language code of text/sound track or separate title ukr
080 ## - UNIVERSAL DECIMAL CLASSIFICATION NUMBER
Universal Decimal Classification number 94(477.8)
090 ## - LOCALLY ASSIGNED LC-TYPE CALL NUMBER (OCLC); LOCAL CALL NUMBER (OCLC)
Classification number (OCLC) (R) ; Classification number, CALL (RLIN) (NR) 94(477.8)
Local cutter number (OCLC) ; Book number/undivided call number, CALL (RLIN) М71
100 ## - MAIN ENTRY--PERSONAL NAME
Personal name Мишанич О.
245 ## - TITLE STATEMENT
Title "Карпаторусинство", його джерела й еволюція у ХХ ст.
Statement of responsibility, etc О. Мишанич
260 ## - PUBLICATION, DISTRIBUTION, ETC. (IMPRINT)
Place of publication, distribution, etc Ужгород
Name of publisher, distributor, etc Відродження
Date of publication, distribution, etc 1992
300 ## - PHYSICAL DESCRIPTION
Extent 56 с.
650 #7 - SUBJECT ADDED ENTRY--TOPICAL TERM
Topical term or geographic name as entry element 9 Географія. Біографії. Історія
Source of heading or term UDC
942 ## - ADDED ENTRY ELEMENTS (KOHA)
Koha item type Книги
Source of classification or shelving scheme Universal Decimal Classification
955 ## - COPY-LEVEL INFORMATION (RLIN)
Classification number, CCAL (RLIN) Наукові видання
Фонди
Withdrawn status Lost status Source of classification or shelving scheme Damaged status Not for loan Home library Current library Date acquired Source of acquisition Cost, normal purchase price Inventory number Total Checkouts Total Renewals Full call number Barcode Checked out Date last seen Date checked out Price effective from Koha item type
    Universal Decimal Classification     АБ - Абонемент НБ АБ - Абонемент НБ 28/09/2016 35/2016 7.00 152049 2 3 94(477.8) М71 152049 14/08/2024 16/05/2024 16/05/2024 28/09/2016 Книги
    Universal Decimal Classification     Наукова бібліотека ІДУД Наукова бібліотека ІДУД 14/06/2007 3/2006 1.00 2127004     94(477) М71 2127004   15/09/2019   14/06/2007 Книги